000 00906nam a2200301Ia 4500
001 Para_1650
003 CHAP
008 220125s1991 xx 000 0 und d
010 _a204552
040 _cCHAP
082 _aPA 614.31 G6
100 _aGorham, J. Richard
_950040
245 _aEcology and management of food inducty pests /
_c by J. Richard Yorham ed.
260 _aArlington, Virginia :
_b Association M. Official analytical chemist
300 _a595 p.
440 _aFDA. Tecnical bolletin; 4
_9170482
650 _aAlimentos
_x higiene
_94224
650 _aAlimentos
_x industria
_94227
650 _aAlimentos
_x inspección
_94239
650 _aInsectos
_x identificación
_958929
901 _aPA 614.31 G6
902 _aA
905 _a0000001991 a 0000000000 00
910 _a1991
942 _cPARA
942 _cPARA
_d1
999 _c204552
_d204552